Electronic instruments and instrumentation technology / (Record no. 170749)

MARC details
000 -LEADER
fixed length control field 00803nam a22002417a 4500
005 - DATE AND TIME OF LATEST TRANSACTION
control field 20191224135435.0
008 - FIXED-LENGTH DATA ELEMENTS--GENERAL INFORMATION
fixed length control field 191224b ||||| |||| 00| 0 eng d
010 ## - LCCN (DPL NO)
LC control number B-126664
020 ## - INTERNATIONAL STANDARD BOOK NUMBER
Terms of availability 350.00
International Standard Book Number 8120324544
035 ## - SYSTEM CONTROL NUMBER
System control number B-126664
037 ## - SOURCE OF ACQUISITION
Source of stock number/acquisition Cen Lib/Ret
040 ## - CATALOGING SOURCE
Original cataloging agency DPL
Language of cataloging EN
082 ## - DEWEY DECIMAL CLASSIFICATION NUMBER
Classification number 621.38
Item number ANA
100 ## - MAIN ENTRY--PERSONAL NAME
Personal name Anand, M.M.S.
9 (RLIN) 34747
245 ## - TITLE STATEMENT
Title Electronic instruments and instrumentation technology /
Statement of responsibility, etc by M.M.S.Anand
260 ## - PUBLICATION, DISTRIBUTION, ETC. (IMPRINT)
Place of publication, distribution, etc New Delhi
Name of publisher, distributor, etc Prentice Hall of India
Date of publication, distribution, etc 2004
270 ## - ADDRESS
Address M-97, Connaught Circus,
City New Delhi
Postal code 110001
300 ## - PHYSICAL DESCRIPTION
Extent xvi,728p. :
Dimensions 24cm(pbk)
Other physical details ill.
500 ## - GENERAL NOTE
General note Includes bibliographical references and index
650 ## - SUBJECT ADDED ENTRY--TOPICAL TERM
Topical term or geographic name as entry element Electronic instruments
9 (RLIN) 34748
650 ## - SUBJECT ADDED ENTRY--TOPICAL TERM
Topical term or geographic name as entry element Engineering instruments
9 (RLIN) 34749
942 ## - ADDED ENTRY ELEMENTS (KOHA)
Source of classification or shelving scheme Dewey Decimal Classification
Item type English Books
Classification part 621.38
Call number suffix ANA
Holdings
Withdrawn status Lost status Source of classification or shelving scheme Damaged status Not for loan Collection code Home library Current library Date acquired Cost, normal purchase price Total Checkouts Full call number Barcode Date last seen Cost, replacement price Koha item type
    Dewey Decimal Classification     Non-fiction Sarojini Nagar Sarojini Nagar 24/12/2019 350.00   621.38 ANA B-126664 24/12/2019 350.00 English Books

© Delhi Public Library
Hit Counter
free hit counter